KOHA-Header-6

Understanding IFRS Fundamentals (Record no. 9779)

000 -LEADER
fixed length control field 00270nam a2200109Ia 4500
100 ## - MAIN ENTRY--AUTHOR NAME
Personal name Nandakumar Ankarath
245 #0 - TITLE STATEMENT
Title Understanding IFRS Fundamentals
260 ## - PUBLICATION, DISTRIBUTION, ETC. (IMPRINT)
Place of publication New York
Name of publisher John
Year of publication 1998
300 ## - PHYSICAL DESCRIPTION
Number of Pages 466
942 ## - ADDED ENTRY ELEMENTS (KOHA)
Koha item type Books
Holdings
Withdrawn status Lost status Collection code Permanent Location Current Location Shelving location Date acquired Full call number Accession Number Koha item type
    Finance MAJU MAJU Shelf No.A38 REF 2019-09-14 658.2 5731 Finance

Powered by Koha